| 000 | 00434nam a2200157 i 4500 | ||
|---|---|---|---|
| 001 | 83419 | ||
| 003 | ES-MaACL | ||
| 005 | 20230906174825.0 | ||
| 007 | t| | ||
| 008 | 041116s1968 sp ||||1| spa d | ||
| 100 | 1 |
_aIribarren, Manuel. _965455 |
|
| 245 | 1 | 3 |
_aEl tributo de los días _b: (novela) / _cManuel Iribarren. |
| 260 |
_aMadrid : _bEd. Nacional, _c1968. |
||
| 300 |
_a423 p. ; _c21 cm. |
||
| 852 |
_aES-MaACL _jF-6266 _bR.65781 |
||
| 999 |
_c83419 _d83419 |
||